000 00505nam a22001697a 4500
003 NUST - PNEC
005 20170116181014.0
008 150913b xxu||||| |||| 00| 0 eng d
020 _a0132279355
040 _cLIBRARY
082 _a621.3815284 FOT
100 _910386
_aFoty, D.
245 _aMOSFET modeling with SPICE : principles and practice
_cD. Foty
260 _cc.1997
650 _910390
_aMetal oxide semiconductor field-effect transistors--Computer simulation
_xMIS, EE
942 _2ddc
_cBK
999 _c67219
_d67219